00375 2200157 4500001002100000008004100021035002000062245003300082100002100115260001400136084001700150082001100167990001300178990001300191990001300204INLIS000000000002618 ind  a0010-1025000097 aYou Do YoucFellexandro Ruby aFellexandro Ruby bGramedia, a153.85 FEL y a153.85 a0055/NFI a0055/NFI a0055/NFI